Küreselleşme sorgulanıyor / (Record no. 14659)

MARC details
000 -BAŞLIK
Sabit Uzunlukta Kontrol Alanı 00778nam a22002537a 4500
999 ## - SİSTEM KONTROL NUMARALARI (KOHA)
Koha Biblionumber 14659
Koha Biblioitemnumber 14659
003 - KONTROL NUMARASI IDENTIFIER
Denetim Alanı MIRAKIL
005 - SON İŞLEM TARİHİ VE ZAMANI
Denetim Alanı 20211207162702.0
008 - SABİT-BOY VERİ ELEMANLARI - GENEL BİLGİLER
Sabit Uzunlukta Kontrol Alanı 211207b tu ||||| |||| 00| 0 tur d
020 ## - ULUSLARARASI STANDART KİTAP NUMARASI
Uluslararası Standart Kitap Numarası 9757501379
040 ## - KATALOGLAMA KAYNAK
Orijinal Kataloglama Ajansı TR-AnCHP
Metne Dönüştürmek Ajansı TR-AnCHP
041 ## - DİL KODU
Metin / Ses Parça Veya Ayrı Başlığın Dil Kodu tur
082 ## - DEWEY ONLU SINIFLANDIRMA NUMARASI
Sınıflandırma Numarası 330.122
Ürün Numarası H46k 2000
100 ## - ANA GİRİŞ - KİŞİSEL İSİM
Kişisel Ad Hirst, Paul
245 10 - BAŞLIK TABLOSU
Başlık Küreselleşme sorgulanıyor /
Sorumluluk Tablosu, Vb Paul Hirst, Grahame Thompson ; [çevirenler]: Çağla Erdem, Elif Yücel
250 ## - EDITION TABLOSU
Baskı Beyanı 2 bs.
260 ## - YAYIN, DAĞITIM, VB
Yayın, Dağıtım, Vb Yeri Ankara :
Yayıncı, Dağıtıcı, Vs Adı Dost Kitabevi,
Yayın, Dağıtım, Vb Tarihi 2000.
300 ## - FİZİKSEL TANIM
Kapsam 262 s.:
Diğer Fiziksel Ayrıntıları grf.;hrt.;tbl.;
Boyutlar 21 sm.
504 ## - KAYNAKÇA VB NOT
Kaynakça Vb Notu Dizin ve kaynakça vardır.
650 #0 - KONU KATMA GİRİŞ - TOPİKAL DÖNEM
9 (RLIN) 633
Topikal Süreli Veya Coğrafi Ad Giriş Elemanı Küreselleşme
700 ## - KATMA GİRİŞ - KİŞİSEL İSİM
9 (RLIN) 6861
Kişisel Ad Thompson, Grahame
700 ## - KATMA GİRİŞ - KİŞİSEL İSİM
9 (RLIN) 6862
Kişisel Ad Erdem, Çağla
Relator Terim çev.
700 ## - KATMA GİRİŞ - KİŞİSEL İSİM
9 (RLIN) 6863
Kişisel Ad Yücel, Elif
Relator Terim çev.
942 ## - EKLENDİ GİRİŞ ELEMANLARI (KOHA)
Sınıflandırma Veya Raf Düzeni Kaynak Dewey Decimal Classification
Koha Öğesi Türü Books
Holdings
Kalıcı Konum Mevcut Konum Edinme Tarihi Toplam Check-Out'Lar Tam Çağrı Numarası Barkod Tarih Son Görülme İtibaren Geçerli Fiyatlar Sigara Kamu Notu Koha Öğesi Türü
CHP Kütüphanesi CHP Kütüphanesi 12/07/2021   330.122 H46k 2000 020151 12/07/2021 12/07/2021 Emin Değer Bağışıdır. Books